| 000 | 00472nam a22001577a 4500 | ||
|---|---|---|---|
| 003 | macl | ||
| 005 | 20180425132215.0 | ||
| 008 | 180425b xxu||||| |||| 00| 0 eng d | ||
| 040 | _cmacl | ||
| 082 | _a403 | ||
| 100 |
_aएम .पी सिहल _972306 |
||
| 245 | _aरासयन विज्ञान शब्दकोश | ||
| 260 |
_aदिल्ली _bअजय बुक डिपो _c2016 |
||
| 650 |
_aरसायन _972307 |
||
| 942 |
_2ddc _cHIN |
||
| 999 |
_c57914 _d57914 |
||